MARC

LEADER 00000cam a2200000 a 4500
001 vtls011585940
003 SK-MaSNL
005 20260301092847.0
008 171215s2016 xo h g 000 0dslo
015 |a SNBA2017/01 
020 |a 9788089751112  |q (brožované) 
035 |a 66ADAFC4-2DF7-4A64-A2DB-72F0106F984B 
035 |a urn:nbn:sk:snk-amtiqf 
035 |a urn:nbn:sk:snk-am00c3di 
040 |a SNK  |b slo  |c SNK  |e AACR2 
041 0 |a slo 
044 |a xo  |c SK 
072 7 |a 005.91:82-6  |x Úradná korešpondencia  |2 konspekt 
080 |a 005.91:82-6  |2 2001 
080 |a (093)  |2 2011 
080 |a 82-6  |2 2011 
080 |a 341.76  |2 2011 
245 0 0 |a Z archívu Juraja Turzu  |c Jana Kurucárová, Miloš Jesenský 
260 |a V Čadci  |b Kysucké múzeum v Čadci  |c 2016 
300 |a 100 s.  |b faks.  |c 29 cm 
366 |e 300 výt. 
600 1 7 |a Turzo, Juraj,  |d 1567-1616  |2 SNKMA  |9 87353 
650 0 7 |a obchodná korešpondencia  |2 SNKPH  |9 878 
650 0 7 |a Business correspondence  |2 SNKPHeng  |9 307406 
650 0 7 |a súkromná korešpondencia  |2 SNKPH  |9 68063 
650 0 7 |a diplomatická korešpondencia  |2 SNKPH  |9 92644 
650 0 7 |a Private correspondence  |2 SNKPHeng  |9 338812 
650 0 7 |a Diplomatic correspondence  |2 SNKPHeng  |9 310224 
655 7 |a historické dokumenty  |2 SNKPH  |9 70535 
655 7 |a Historical documents  |2 SNKPHeng  |9 343922 
700 1 |a Kurucárová, Jana  |4 edt  |9 12137 
700 1 |a Jesenský, Miloš,  |d 1971-  |4 edt  |9 115657 
752 |a Slovensko  |d Čadca 
852 |a Štátna vedecká knižnica v Banskej Bystrici 
919 |a 978-80-89751-11-2 
999 |c 675310  |d 677240 
952 |a SNK  |b SNK  |y PREZ  |7 0  |p 17A1218803  |o snkSB 90930  |i snk2016/27775  |8 0  |0 0  |1 0  |4 0  |d 2016-12-01  |f 1  |l 0  |r 2025-05-14 00:00:00  |w 2026-02-23 
952 |a SNK  |b SNK  |y VYP  |7 0  |p 17A1218802  |o snkSB 90930 D1  |i snk2016/27776  |8 0  |0 0  |1 0  |4 0  |d 2016-12-01  |l 0  |r 2026-02-23 19:39:54  |w 2026-02-23